000
00281nam a2200121 a 4500
008
110105s1972|||| d
245
1
0
_a
V. I. Lenin o obchode
100
1
_a
Grigorjan, G. S.
260
_b
Pravda
_a
Bratislava
_c
1972
020
_c
5
044
_a
xo
_c
SK
041
_a
slo
999
_c
15487
_d
15487